| 000 | 00517nam a2200181Ia 4500 | ||
|---|---|---|---|
| 003 | LK-CoDNM | ||
| 008 | 010623t2012 xxu||||| |||| 00| 1 sin d | ||
| 040 |
_aLK-CoDNM _dLK-CoDNM _eLK-CoDNM |
||
| 041 | _asin | ||
| 080 | _a294.3 LOW | ||
| 100 | _aLaw,Bimala Churn | ||
| 245 | _aබෞද්ධ සාහිත්යයේ කාන්තාවෝ | ||
| 246 | _aBaudda Sahithyaye Kanthawo | ||
| 260 |
_bAshirwada _aMeerigama _c2012 |
||
| 300 | _b114, 21 cm | ||
| 700 |
_aSumana Dayananda,M.W _etr. |
||
| 942 | _cBK | ||
| 999 |
_c132646 _d132646 |
||